Statistics for Countries That Produce the Most Citrus

Click here to take the quiz!

General Stats

  • This quiz has been taken 26 times
  • The average score is 8 of 10

Answer Stats

Citrus Production (tonnes)Country% Correct
19,617,100China
100%
10,017,000United States
100%
20,682,309Brazil
96%
6,851,000Mexico
96%
3,579,782Italy
88%
5,703,600Spain
88%
6,286,000India
85%
3,102,414Turkey
85%
3,739,000Iran
62%
3,325,000Nigeria
42%

Score Distribution

Percentile by Number Answered

Percent of People with Each Score

Your Score History

You have not taken this quiz